Central Library OPAC University of Rajshahi

আর্থ-সামাজিক জরিপে পদ্ধতি নির্দেশিকা / (Record no. 44586)

MARC details
000 -LEADER
fixed length control field 00920nam a2200217 a 4500
001 - CONTROL NUMBER
control field 44586
003 - CONTROL NUMBER IDENTIFIER
rucl marc code BD-RjUL
005 - DATE AND TIME OF LATEST TRANSACTION
control field 20211209053903.0
008 - FIXED-LENGTH DATA ELEMENTS--GENERAL INFORMATION
fixed length control field 160718s1987 bg a|||| |||| 00| e en d
035 ## - SYSTEM CONTROL NUMBER
System control number (BD-RjUL)44704
040 ## - CATALOGING SOURCE
Original cataloging agency BD-RjUL
Language of cataloging ben
Transcribing agency BD-RjUL
Modifying agency BD-RjUL
041 ## - LANGUAGE CODE
Language code of text/sound track or separate title ben
082 ## - DEWEY DECIMAL CLASSIFICATION NUMBER
Edition number 23
Classification number 300.723
Author mark and year NOA 1987
100 ## - MAIN ENTRY--PERSONAL NAME
Personal name নকী, সৈয়দ আলী
9 (RLIN) 117076
245 ## - TITLE STATEMENT
Title আর্থ-সামাজিক জরিপে পদ্ধতি নির্দেশিকা /
Statement of responsibility, etc. সৈয়দ আলী নকী
260 ## - PUBLICATION, DISTRIBUTION, ETC. (IMPRINT)
Place of publication, distribution, etc. ঢাকা :
Name of publisher, distributor, etc. ইউনিভার্সিটি প্রেস লিমিটেড,
Date of publication, distribution, etc. ১৩৯৩
300 ## - PHYSICAL DESCRIPTION
Pagination ২৭২ পৃ. :
Illustrations চিএাবলি ;
Size ২০ সেমি.
650 ## - SUBJECT ADDED ENTRY--TOPICAL TERM
Topical term or geographic name as entry element আর্থ-সামাজিক জরিপ
Form subdivision নির্দেশিকা
9 (RLIN) 136787
Topical term or geographic name as entry element Socio-economic survey
Form subdivision Directory
9 (RLIN) 136788
942 ## - ADDED ENTRY ELEMENTS (KOHA)
Source of classification or shelving scheme Dewey Decimal Classification
Koha item type Books
Holdings
Lost status Source of classification or shelving scheme Damaged status Not for loan Collection code Permanent Location Current Location Shelving location Date acquired Source of acquisition Cost, normal purchase price Total Checkouts Full call number Date last seen Date checked out Copy number Koha item type Total Renewals
  Dewey Decimal Classification     Non-fiction Central Library, University of Rajshahi Central Library, University of Rajshahi   19/09/1987 Author 45.00 1 B 300.723 NOA 1987 20/01/2020 18/12/2019 C-2 Books  
  Dewey Decimal Classification     Non-fiction Central Library, University of Rajshahi Central Library, University of Rajshahi   19/09/1987 Author 45.00 1 B 300.723 NOA 1987 31/12/2019 12/12/2019 C-3 Books  
  Dewey Decimal Classification     Non-fiction Central Library, University of Rajshahi Central Library, University of Rajshahi   19/09/1987 Author 45.00 1 B 300.723 NOA 1987 31/12/2019 15/12/2019 C-4 Books  
  Dewey Decimal Classification     Non-fiction Central Library, University of Rajshahi Central Library, University of Rajshahi   19/09/1987 Author 45.00 2 B 300.723 NOA 1987 16/03/2020 11/03/2020 C-5 Books 1
  Dewey Decimal Classification     Non-fiction Central Library, University of Rajshahi Central Library, University of Rajshahi   19/09/1987 Author 45.00 1 B 300.723 NOA 1987 02/01/2020 15/12/2019 C-6 Books  
  Dewey Decimal Classification     Non-fiction Central Library, University of Rajshahi Central Library, University of Rajshahi   09/12/2021       B 300.723 NOA 1987 29/12/2020   C-10 Books